Business marketing / (Record no. 5695)
[ view plain ]
| 000 -LEADER | |
|---|---|
| fixed length control field | 00731nam a22002292 4500 |
| 001 - CONTROL NUMBER | |
| control field | 0000002190 |
| 005 - DATE AND TIME OF LATEST TRANSACTION | |
| control field | 20151217151843.0 |
| 008 - FIXED-LENGTH DATA ELEMENTS--GENERAL INFORMATION | |
| fixed length control field | 070404s xx 000 0 eng d |
| 020 ## - INTERNATIONAL STANDARD BOOK NUMBER | |
| International Standard Book Number | 8174938761 : |
| Terms of availability | KES 395 |
| 040 ## - CATALOGING SOURCE | |
| Original cataloging agency | KABU |
| Transcribing agency | KABU |
| 050 #0 - LIBRARY OF CONGRESS CALL NUMBER | |
| Classification number | HF5415.13 |
| Item number | .C44 2000 |
| 100 1# - MAIN ENTRY--PERSONAL NAME | |
| Personal name | Cherunilam, Francis. |
| -- | 0000151459 |
| 245 10 - TITLE STATEMENT | |
| Title | Business marketing / |
| Statement of responsibility, etc. | Francis Cherunilam. |
| 260 ## - PUBLICATION, DISTRIBUTION, ETC. (IMPRINT) | |
| Place of publication, distribution, etc. | Mumbai : |
| Name of publisher, distributor, etc. | Himalaya Publishing House, |
| Date of publication, distribution, etc. | 2000. |
| 300 ## - PHYSICAL DESCRIPTION | |
| Extent | 306 p. |
| 650 #0 - SUBJECT ADDED ENTRY--TOPICAL TERM | |
| Topical term or geographic name as entry element | Marketing. |
| -- | 0000151351 |
| 908 ## - PUT COMMAND PARAMETER (RLIN) | |
| Put command parameter | 070404 |
| 950 ## - LOCAL HOLDINGS (RLIN) | |
| -- | 1 |
| Withdrawn status | Lost status | Source of classification or shelving scheme | Damaged status | Not for loan | Home library | Current library | Date acquired | Total Checkouts | Full call number | Barcode | Date last seen | Date last checked out | Price effective from | Koha item type |
|---|---|---|---|---|---|---|---|---|---|---|---|---|---|---|
| Lost | Library of Congress Classification | Kabarak, Main Campus | Kabarak, Main Campus | 17/12/2015 | 1 | HF5415.13 .C44 2000 | 002386 | 25/01/2016 | 25/01/2016 | 17/12/2015 | General Collection | |||
| Library of Congress Classification | Kabarak, Main Campus | Kabarak, Main Campus | 17/12/2015 | 1 | HF5415.13 .C44 2000 | 002387 | 04/11/2019 | 28/10/2019 | 17/12/2015 | General Collection | ||||
| Library of Congress Classification | Kabarak, Main Campus | Kabarak, Main Campus | 17/12/2015 | 1 | HF5415.13 .C44 2000 | 002388 | 04/08/2017 | 09/06/2017 | 17/12/2015 | General Collection |